Score 0/14 Timer 04:00
0 Plays Today
Mixed Word Hurricane % Correct
LYOFDFloyd
96%
OGHUHugo
95.3%
TBREBret
93.8%
NRFAFran
92%
TRIARita
86%
INAATKRKatrina
83.5%
AVNIIvan
76%
Mixed Word Hurricane % Correct
PLAOOpal
74.8%
NNEEAJJeanne
65.3%
SDNIENDennis
63.5%
FSCARENFrances
50.8%
DEECIRRFFrederic
46.6%
NEDAWRAndrew
43.9%
LLMCEIACamille
42.7%
Remove Ads.
Support Sporcle.
Get the best of Sporcle when you Go Orange. This ad-free experience offers more features, more stats, and more fun while also helping to support Sporcle. Thank you for becoming a member.

You're not logged in!

Compare scores with friends on all Sporcle quizzes.
OR
Log In

Show Comments

Extras

Top Quizzes Today


Score Distribution

Your Account Isn't Verified!

In order to create a playlist on Sporcle, you need to verify the email address you used during registration. Go to your Sporcle Settings to finish the process.

Report this User

Report this user for behavior that violates our Community Guidelines.

Details: